[Event "SR 3. liga A2 2010/2011"]
[Site "?"]
[Date "2011.02.13"]
[Round "8.3"]
[White "Ivan, Imrich 1974"]
[Black "Jozefovic, Milan"]
[Result "1-0"]
[WhiteElo "2063"]
[BlackElo "1917"]
[PlyCount "113"]
[EventDate "2010.??.??"]
[WhiteTeam "Slovakia"]
[BlackTeam "II"]
[WhiteTeamCountry "SVK"]
[BlackTeamCountry "SVK"]

1. Nf3 d5 2. d4 Nf6 3. Bf4 e6 4. e3 Bd6 5. Ne5 Nfd7 6. Bd3 Nxe5 7. dxe5 Be7 8.
Qg4 g5 9. Bg3 h5 10. Qa4+ Bd7 11. Qb3 h4 12. Qxb7 Nc6 13. O-O hxg3 14. fxg3 Rb8
15. Qa6 Nxe5 16. Qxa7 Bc5 17. Qxc5 Nxd3 18. cxd3 Bb5 19. Nc3 Bd7 20. b3 f5 21.
e4 Qf6 22. exf5 Qh6 23. h3 Kd8 24. fxe6 Bxe6 25. Nxd5 Qg7 26. Rac1 Rb7 27. Qc6
Qd4+ 28. Kh2 Bxd5 29. Qg6 Kc8 30. Qxg5 Rb5 31. Qe7 Qb6 32. Rf6 Qb7 33. Rcf1 Kb8
34. Rf8+ Rxf8 35. Rxf8+ Ka7 36. Rf2 Qb6 37. Rc2 Kb7 38. d4 Bc6 39. Rc4 Bd5 40.
Rc2 Bc6 41. Qf6 Rd5 42. Rd2 Qb4 43. Qf4 Qe7 44. Qf2 Qe4 45. g4 Rd6 46. a4 Qd5
47. Rd3 Rh6 48. Qd2 Qd6+ 49. Rg3 Bd5 50. b4 Bc6 51. b5 Bd7 52. g5 Rh4 53. g6
Rxd4 54. Qa5 Qe5 55. Qa6+ Kb8 56. g7 Be6 57. Qxe6 1-0

[Event "SR 3. liga A2 2010/2011"]
[Site "?"]
[Date "2011.04.03"]
[Round "11.3"]
[White "Jakubec, Milan"]
[Black "Ivan, Imrich 1974"]
[Result "0-1"]
[WhiteElo "2073"]
[BlackElo "2063"]
[PlyCount "128"]
[EventDate "2010.??.??"]
[WhiteTeam "Slovakia"]
[BlackTeam "II"]
[WhiteTeamCountry "SVK"]
[BlackTeamCountry "SVK"]

1. e4 e6 2. d3 c5 3. g3 Nc6 4. Bg2 Nge7 5. Be3 b6 6. f4 Bb7 7. Nf3 g6 8. c3 Bg7
9. O-O O-O 10. Na3 d5 11. e5 Ba6 12. Re1 Rc8 13. d4 Nf5 14. Bf2 cxd4 15. Nxd4
Ncxd4 16. cxd4 h5 17. Qa4 Bc4 18. Rec1 Bd3 19. Qxa7 b5 20. Bf1 Bxf1 21. Kxf1 b4
22. Nb5 Re8 23. a4 bxa3 24. bxa3 Re7 25. Rxc8 Qxc8 26. Qc5 Qa6 27. Kg2 Bf8 28.
a4 Re8 29. Qa7 Qc6 30. Qc7 Qa6 31. Qc3 Rc8 32. Qb3 Rc4 33. h3 Rb4 34. Qa2 Qc6
35. Rb1 Rxb1 36. Qxb1 Qc4 37. Qd1 Qa2 38. Kg1 Bb4 39. g4 hxg4 40. hxg4 Nh6 41.
Nd6 Bxd6 42. exd6 Qa3 43. d7 Qd6 44. a5 Qxd7 45. a6 Qa7 46. Qa4 Nxg4 47. Kg2
Kg7 48. Bg1 Kh6 49. Qb5 Qc7 50. Qc5 Qxf4 51. Qc3 Qb8 52. Kh3 f5 53. Qa3 Qa7 54.
Qd6 Kg5 55. Qxe6 Qa8 56. Be3+ Nxe3 57. Qxe3+ Kh5 58. Qe7 Kh6 59. a7 Qc8 60. Qa3
f4+ 61. Kg2 Qc2+ 62. Kf3 Qe4+ 63. Kg4 Qf5+ 64. Kh4 g5# 0-1

[Event "SR 2. liga A 2010/2011"]
[Site "?"]
[Date "2010.10.23"]
[Round "1.1"]
[White "Bezuch, Martin"]
[Black "Schwarz, Dusan"]
[Result "1-0"]
[WhiteElo "2198"]
[BlackElo "2294"]
[PlyCount "71"]
[EventDate "2010.??.??"]
[WhiteTeam "Slovakia"]
[BlackTeam "II"]
[WhiteTeamCountry "SVK"]
[BlackTeamCountry "SVK"]

1. Nf3 d5 2. c4 c6 3. e3 Nf6 4. Be2 Nbd7 5. O-O e6 6. d3 Bd6 7. Nbd2 O-O 8. a3
a5 9. b3 Re8 10. Bb2 e5 11. cxd5 cxd5 12. Re1 Nf8 13. e4 d4 14. Nc4 Bb8 15. a4
Ng6 16. Nfd2 Nf4 17. Nb1 Ra6 18. Nba3 h5 19. Bc1 Ng4 20. f3 Nh6 21. Bf1 Rg6 22.
Ra2 h4 23. Kh1 b6 24. Nb5 Kh7 25. Bxf4 exf4 26. Qa1 h3 27. Qxd4 Qe7 28. Nxb6
Ba6 29. Nc4 Nf5 30. exf5 Qxe1 31. fxg6+ fxg6 32. Qf2 Qb1 33. Rb2 Qc1 34. Re2
Rd8 35. Re1 hxg2+ 36. Kxg2 1-0

[Event "SR 2. liga A 2010/2011"]
[Site "?"]
[Date "2010.10.23"]
[Round "1.2"]
[White "Janos, Martin"]
[Black "Machalova, Maria"]
[Result "0-1"]
[WhiteElo "2250"]
[BlackElo "2190"]
[PlyCount "92"]
[EventDate "2010.??.??"]
[WhiteTeam "Slovakia"]
[BlackTeam "II"]
[WhiteTeamCountry "SVK"]
[BlackTeamCountry "SVK"]

1. e4 c5 2. Nf3 Nc6 3. d4 cxd4 4. Bc4 g6 5. c3 dxc3 6. O-O Bg7 7. Nxc3 Nf6 8.
e5 Ng4 9. Bxf7+ Kxf7 10. Ng5+ Kg8 11. Qxg4 Nxe5 12. Qd1 Qf8 13. a4 h6 14. Nge4
Kh7 15. a5 d6 16. Nd5 Bf5 17. Ng3 e6 18. Nc7 Rc8 19. Nxf5 Qxf5 20. Nb5 Nf3+ 21.
Qxf3 Qxb5 22. Qe3 e5 23. Ra3 Qc5 24. Qd2 Qc2 25. Qe1 d5 26. Rh3 h5 27. f4 Rhf8
28. Rhf3 e4 29. Rh3 Bd4+ 30. Kh1 Kg7 31. g4 hxg4 32. Rg3 e3 33. Bxe3 Qe4+ 34.
Kg1 Rxf4 35. Rxf4 Qxf4 36. Bxd4+ Qxd4+ 37. Re3 Re8 38. Qc3 Qxc3 39. Rxc3 Kf6
40. Kf2 Re7 41. Rc5 Ke5 42. Rb5 Ke4 43. Rc5 Rf7+ 44. Kg3 d4 45. Rc8 Rf5 46.
Kxg4 Rxa5 0-1

[Event "SR 2. liga A 2010/2011"]
[Site "?"]
[Date "2010.10.23"]
[Round "1.3"]
[White "Peitl, Tomas"]
[Black "Janos, Jozef"]
[Result "1-0"]
[WhiteElo "2171"]
[BlackElo "2196"]
[PlyCount "85"]
[EventDate "2010.??.??"]
[WhiteTeam "Slovakia"]
[BlackTeam "II"]
[WhiteTeamCountry "SVK"]
[BlackTeamCountry "SVK"]

1. e4 {0} c5 {0} 2. Nf3 e6 3. d4 cxd4 4. Nxd4 a6 5. Bd3 Nf6 6. O-O d6 7. f4
Nbd7 8. Kh1 Be7 9. Qe1 Qc7 10. Nd2 Nc5 11. e5 Nxd3 12. cxd3 Nd5 13. Qg3 O-O 14.
Ne4 f5 15. exd6 Bxd6 16. Nxd6 Qxd6 17. b3 Rf6 18. Bb2 Rg6 19. Qf2 Rg4 20. g3
Bd7 21. Rac1 Nb4 22. Qf3 Nxa2 23. Qxb7 Rb8 24. Qc7 Qd5+ 25. Kg1 Rc8 26. Qxc8+
Bxc8 27. Rxc8+ Kf7 28. Nf3 Kg6 29. Ne5+ Kh5 30. Nxg4 fxg4 31. Re1 Qxb3 32. Bxg7
Qb6+ 33. d4 Kg6 34. Be5 Qb4 35. Kf2 Qb3 36. Rc7 Qf3+ 37. Kg1 Nc3 38. Rg7+ Kh6
39. Rg5 Qb7 40. Bg7+ Qxg7 41. Rxe6+ Qg6 42. Rgxg6+ hxg6 43. f5 1-0

[Event "SR 2. liga A 2010/2011"]
[Site "?"]
[Date "2010.10.23"]
[Round "1.4"]
[White "Novak, Ivan"]
[Black "Oprea, Erik"]
[Result "1/2-1/2"]
[WhiteElo "2233"]
[BlackElo "2116"]
[PlyCount "75"]
[EventDate "2010.??.??"]
[WhiteTeam "Slovakia"]
[BlackTeam "II"]
[WhiteTeamCountry "SVK"]
[BlackTeamCountry "SVK"]

1. e4 e5 2. Bc4 Bc5 3. Nf3 Nc6 4. c3 d6 5. d4 exd4 6. cxd4 Bb4+ 7. Nc3 Bg4 8.
O-O Bxc3 9. bxc3 Qf6 10. Be2 Nge7 11. h3 Bd7 12. Rb1 b6 13. Bd3 h6 14. Bb2 Ng6
15. c4 Nf4 16. e5 dxe5 17. d5 Nxd3 18. Qxd3 Bf5 19. Qd1 Bxb1 20. Qxb1 Ne7 21.
Bxe5 Qg6 22. Qb4 c5 23. Qa4+ Kf8 24. Re1 Nf5 25. Bc7 Kg8 26. Ne5 Qf6 27. Ng4
Qg6 28. Qd7 Nd4 29. Re7 Rf8 30. Bg3 h5 31. Ne5 Qb1+ 32. Kh2 h4 33. Rxf7 hxg3+
34. fxg3 Rxf7 35. Qxf7+ Kh7 36. Qh5+ Kg8 37. Qf7+ Kh7 38. Qh5+ 1/2-1/2

[Event "SR 2. liga A 2010/2011"]
[Site "?"]
[Date "2010.10.23"]
[Round "1.5"]
[White "Hricak, Vasil"]
[Black "Dudas, Jan"]
[Result "0-1"]
[WhiteElo "2051"]
[BlackElo "2216"]
[PlyCount "116"]
[EventDate "2010.??.??"]
[WhiteTeam "Slovakia"]
[BlackTeam "II"]
[WhiteTeamCountry "SVK"]
[BlackTeamCountry "SVK"]

1. e4 c6 2. d4 d5 3. f3 g6 4. Nc3 Bg7 5. Be3 Qb6 6. Qd2 dxe4 7. fxe4 Nf6 8.
O-O-O O-O 9. h3 Qa5 10. Kb1 Be6 11. Bd3 Rd8 12. Nge2 b5 13. Nd5 Qxd2 14. Nxf6+
Bxf6 15. Rxd2 Na6 16. c3 Bc4 17. Bxc4 bxc4 18. Rf1 Rab8 19. Bh6 Rb7 20. Ng3 c5
21. e5 Bg7 22. Bxg7 Kxg7 23. d5 f5 24. Rfd1 Nc7 25. Ne2 Nb5 26. a4 Nc7 27. Nf4
g5 28. d6 gxf4 29. dxc7 Rxd2 30. Rxd2 Rxc7 31. Rf2 Kf7 32. Rxf4 Ke6 33. Rxc4
Kxe5 34. Kc2 Kd5 35. Rh4 e5 36. b3 e4 37. Rh5 Ke6 38. Kd2 Rg7 39. g4 f4 40.
Rxc5 Rd7+ 41. Ke2 Rd3 42. h4 Rh3 43. Rc4 Rh2+ 44. Kf1 Kd5 45. Rc7 f3 46. Re7
Rxh4 47. a5 a6 48. b4 Rxg4 49. b5 axb5 50. a6 Rg2 51. a7 Ra2 52. Ke1 h5 53. Kf1
h4 54. Kg1 h3 55. c4+ bxc4 56. Kh1 f2 57. a8=Q+ Rxa8 58. Kh2 f1=Q 0-1

[Event "SR 2. liga A 2010/2011"]
[Site "?"]
[Date "2010.10.23"]
[Round "1.6"]
[White "Duben, Igor"]
[Black "Antala, Jan"]
[Result "1-0"]
[WhiteElo "2182"]
[BlackElo "1998"]
[PlyCount "81"]
[EventDate "2010.??.??"]
[WhiteTeam "Slovakia"]
[BlackTeam "II"]
[WhiteTeamCountry "SVK"]
[BlackTeamCountry "SVK"]

1. Nf3 {0} g6 2. g3 Bg7 3. d4 Nf6 4. Bg2 c5 5. d5 d6 6. O-O Bf5 7. c4 O-O 8.
Nh4 Bg4 9. Qc2 Qc8 10. Re1 Bh3 11. Bh1 Nbd7 12. Nc3 Ne5 13. b3 Nfg4 14. f4 Nd7
15. Nf3 h6 16. Rb1 Ndf6 17. Bg2 Bxg2 18. Kxg2 h5 19. e4 Nd7 20. Nd1 a6 21. h3
Nh6 22. a4 Re8 23. Bb2 Bxb2 24. Rxb2 e5 25. dxe6 Rxe6 26. Ng5 Re7 27. Qd3 Qc6
28. Nc3 Nf6 29. Rd2 Rd8 30. Kh2 Red7 31. Rde2 Kg7 32. Nf3 Nhg8 33. Nd2 Ne7 34.
Nf1 Ne8 35. Ne3 Nc7 36. f5 g5 37. f6+ Kxf6 38. Ncd5+ Ncxd5 39. Nxd5+ Nxd5 40.
exd5 Qc8 41. Qh7 1-0

[Event "SR 2. liga A 2010/2011"]
[Site "?"]
[Date "2010.10.23"]
[Round "1.7"]
[White "Prikler, Bruno"]
[Black "Malaschitz, Richard"]
[Result "0-1"]
[WhiteElo "1962"]
[BlackElo "2121"]
[PlyCount "64"]
[EventDate "2010.??.??"]
[WhiteTeam "Slovakia"]
[BlackTeam "II"]
[WhiteTeamCountry "SVK"]
[BlackTeamCountry "SVK"]

1. c4 e5 2. Nc3 Nc6 3. g3 g6 4. Bg2 Bg7 5. e4 Nge7 6. Nge2 O-O 7. O-O f5 8. d3
d6 9. f4 h6 10. Rb1 Kh7 11. a3 Bd7 12. Qc2 Qc8 13. Nd5 Nxd5 14. cxd5 Ne7 15. b4
c6 16. dxc6 Nxc6 17. Bb2 a6 18. Rfd1 Qd8 19. Qd2 Rc8 20. h3 b5 21. Kh2 h5 22.
Rf1 Qc7 23. Nc3 Be6 24. exf5 Bxf5 25. Rbe1 Qa7 26. Ne4 Nd4 27. Bc3 Bxe4 28.
Rxe4 Qc7 29. Bxd4 exd4 30. Rd1 Qc3 31. Qa2 Qc2 32. Re2 Qxd1 0-1

[Event "SR 2. liga A 2010/2011"]
[Site "?"]
[Date "2010.10.23"]
[Round "1.8"]
[White "Orosi, Peter"]
[Black "Jurcak, Marian"]
[Result "1/2-1/2"]
[WhiteElo "2004"]
[BlackElo "1953"]
[PlyCount "67"]
[EventDate "2010.??.??"]
[WhiteTeam "Slovakia"]
[BlackTeam "II"]
[WhiteTeamCountry "SVK"]
[BlackTeamCountry "SVK"]

1. c4 e6 2. g3 d5 3. Bg2 Nf6 4. Nf3 Be7 5. b3 O-O 6. Bb2 c5 7. O-O Nc6 8. Na3
d4 9. d3 a6 10. Nc2 Qc7 11. e3 e5 12. exd4 exd4 13. Re1 Bg4 14. h3 Bf5 15. Ng5
Rae8 16. Ne4 b6 17. Bc1 Nxe4 18. Bxe4 Bxe4 19. Rxe4 f5 20. Re6 Bd6 21. Qe2 Qd7
22. Rxe8 Rxe8 23. Qf1 Ne5 24. f4 Nc6 25. Qf3 Re6 26. Bd2 Bb8 27. Re1 Rxe1+ 28.
Bxe1 Qe6 29. Bf2 g6 30. Kf1 Kf7 31. Be1 h6 32. Bd2 Kf6 33. Qe2 Ne7 34. Kf2
1/2-1/2

[Event "SR 2. liga A 2010/2011"]
[Site "?"]
[Date "2010.10.28"]
[Round "2.1"]
[White "Hecko, Dusan"]
[Black "Hrivnak, Martin"]
[Result "1-0"]
[WhiteElo "2114"]
[BlackElo "2118"]
[Annotator "Fritz 12 (20s)"]
[PlyCount "77"]
[EventDate "2010.??.??"]
[WhiteTeam "Slovakia"]
[BlackTeam "II"]
[WhiteTeamCountry "SVK"]
[BlackTeamCountry "SVK"]

{E85: King's Indian: Sämisch: 6...e5} 1. e4 g6 2. d4 Bg7 3. c4 d6 4. Nc3 Nc6 5.
Be3 e5 6. Nge2 Nf6 7. f3 O-O 8. d5 Ne7 9. c5 {N} (9. g4) (9. Qd2) 9... Ne8 10.
Nc1 f5 (10... dxc5 11. Bxc5 b6 12. Ba3 $11) 11. Be2 $11 Bd7 12. O-O f4 13. Bf2
h5 $2 (13... dxc5 14. Qb3 Nc8 15. Bxc5 $16) 14. Bb5 (14. Qb3 b6 15. c6 Bc8 $18)
14... Bc8 (14... Bxb5 15. Nxb5 dxc5 16. Bxc5 $16) 15. Bxe8 (15. Nd3 $5 b6 16.
b4 Nf6 $18) 15... Qxe8 16. cxd6 cxd6 17. Qa4 (17. a4 $142 $5 $16) 17... Qxa4
$11 18. Nxa4 b5 19. Nc3 b4 20. Nd1 (20. Nb5 Ba6 21. Nxa7 Bxf1 22. Kxf1 Rfb8 $14
) 20... Ba6 (20... Bd7 21. Be1 Bb5 22. Bxb4 Bxf1 23. Bxd6 $11) 21. Re1 $11 Bb5
22. a4 Bd7 23. b3 g5 24. Nb2 Nxd5 $1 25. Rd1 Ne7 (25... Nc3 26. Rxd6 Be8 27.
Ra6 $14) 26. Rxd6 $14 Rfd8 27. Ncd3 $16 Nc6 28. Rc1 Na5 (28... Rac8 29. Nxb4 $1
Nxb4 30. Rxc8 Rxc8 31. Rxd7 $16) 29. Nc5 Be8 30. Ra6 Nc6 31. Ne6 $18 Rd2 32.
Nc4 Rd3 33. Nc7 Rad8 34. Nxe8 Rd1+ 35. Rxd1 Rxd1+ 36. Be1 Rxe1+ 37. Kf2 Nb8 38.
Rxa7 Rb1 39. Rxg7+ (39. Rxg7+ Kf8 40. Ncd6 Rb2+ 41. Ke1 Nd7 42. Rxd7 Rb1+ 43.
Kd2 Rb2+ 44. Kc1 Rxb3 45. Rf7+ Kg8 46. Nf6+ Kh8 47. Rh7#) 1-0

[Event "SR 2. liga A 2010/2011"]
[Site "?"]
[Date "2010.10.23"]
[Round "2.1"]
[White "Tibensky, Robert"]
[Black "Petrik, Stanislav"]
[Result "1-0"]
[WhiteElo "2401"]
[BlackElo "2187"]
[PlyCount "57"]
[EventDate "2010.??.??"]
[WhiteTeam "Slovakia"]
[BlackTeam "II"]
[WhiteTeamCountry "SVK"]
[BlackTeamCountry "SVK"]

1. d4 Nf6 2. c4 b6 3. Nf3 Ba6 4. e3 d5 5. b3 e6 6. Bd3 Be7 7. O-O Nbd7 8. Nc3
c5 9. cxd5 Bxd3 10. Qxd3 exd5 11. Rd1 O-O 12. Bb2 Rc8 13. dxc5 Nxc5 14. Qf5 g6
15. Qe5 Ncd7 16. Qd4 Rc5 17. Ba3 Ra5 18. Bxe7 Qxe7 19. b4 Ra3 20. Nb5 Ra4 21.
a3 Rc8 22. Qd3 Ne5 23. Qb3 Nxf3+ 24. gxf3 Ra6 25. Rac1 Qd7 26. Rxc8+ Qxc8 27.
Qb2 Qf5 28. Kg2 Qh5 29. Qxf6 1-0

[Event "SR 2. liga A 2010/2011"]
[Site "?"]
[Date "2010.10.23"]
[Round "2.2"]
[White "Petrik, Karol"]
[Black "Frindt, Kornel"]
[Result "1/2-1/2"]
[WhiteElo "2075"]
[BlackElo "2210"]
[PlyCount "212"]
[EventDate "2010.??.??"]
[WhiteTeam "Slovakia"]
[BlackTeam "II"]
[WhiteTeamCountry "SVK"]
[BlackTeamCountry "SVK"]

1. e4 c5 2. Ne2 Nc6 3. g3 d5 4. Bg2 dxe4 5. Bxe4 Nf6 6. Bg2 g6 7. O-O Bg7 8. b3
O-O 9. Bb2 Bf5 10. d3 Qd7 11. Re1 Bh3 12. Bh1 e5 13. Nd2 Rfe8 14. Nc3 Bg4 15.
Bf3 Nd4 16. Bxg4 Nxg4 17. f3 Nh6 18. Nce4 b6 19. c3 Nc6 20. Qe2 Rad8 21. Nf2
Nf5 22. Rad1 Bh6 23. Bc1 Bg7 24. Nde4 f6 25. Kg2 Nd6 26. h4 f5 27. Nxd6 Qxd6
28. Rh1 h6 29. h5 g5 30. Bb2 Ne7 31. Rhe1 Qc6 32. Kg1 Qc7 33. Kg2 Nd5 34. c4
Nb4 35. Bc3 Nc6 36. Qb2 Qb7 37. g4 fxg4 38. Nxg4 Rf8 39. Re4 Qf7 40. Qe2 Qxh5
41. Nxe5 Bxe5 42. Bxe5 Rf5 43. Rh1 Qg6 44. Ba1 Nd4 45. Bxd4 cxd4 46. Re6 Rf6
47. Rxf6 Qxf6 48. Qe4 Rf8 49. Re1 Kg7 50. Qe5 Rf7 51. Re4 Qxe5 52. Rxe5 Rd7 53.
Re6 h5 54. Kg3 Kh7 55. f4 gxf4+ 56. Kxf4 Rg7 57. Kf3 h4 58. Re4 Rg3+ 59. Ke2
Rg2+ 60. Kf1 h3 61. Rh4+ Kg6 62. Rxh3 Rxa2 63. Rh4 Ra3 64. Rxd4 Rxb3 65. Ke2
Kf5 66. Rd7 a5 67. Ke3 Ke5 68. Ra7 Rb1 69. d4+ Kd6 70. Rh7 a4 71. Rh6+ Kc7 72.
Rh7+ Kb8 73. Rh2 Re1+ 74. Kd2 Rb1 75. Kd3 Rb3+ 76. Ke4 a3 77. Ra2 Kc7 78. Kd5
Rh3 79. Ra1 Rh5+ 80. Ke6 Ra5 81. d5 Ra8 82. Ke7 a2 83. Ke6 Re8+ 84. Kf5 Re2 85.
Kf4 Kd6 86. Kf3 Rc2 87. Ke3 Rxc4 88. Rxa2 Kxd5 89. Kd3 Kc5 90. Rb2 b5 91. Ra2
Kb4 92. Rb2+ Ka4 93. Rb1 Rc5 94. Kd4 Rc2 95. Ra1+ Kb4 96. Rb1+ Ka5 97. Ra1+ Kb6
98. Kd3 Rc8 99. Rb1 Rc4 100. Rb3 Kc5 101. Rc3 Kb4 102. Rxc4+ bxc4+ 103. Kc2 c3
104. Kc1 Kb3 105. Kb1 c2+ 106. Kc1 Kc3 1/2-1/2

[Event "SR 2. liga A 2010/2011"]
[Site "?"]
[Date "2010.10.23"]
[Round "2.3"]
[White "Janos, Ivan"]
[Black "Vespia, Gianmarco"]
[Result "1-0"]
[WhiteElo "2163"]
[BlackElo "2021"]
[PlyCount "57"]
[EventDate "2010.??.??"]
[WhiteTeam "Slovakia"]
[BlackTeam "II"]
[WhiteTeamCountry "SVK"]
[BlackTeamCountry "SVK"]

1. e4 c6 2. d4 d5 3. f3 dxe4 4. fxe4 Nf6 5. Nc3 Bg4 6. Nf3 Bxf3 7. Qxf3 Qxd4 8.
Be3 Qb4 9. O-O-O Nbd7 10. Rd4 Qa5 11. Ra4 Qc7 12. Bxa7 e5 13. Bc5 Rxa4 14. Bxf8
Rxe4 15. Nxe4 Kxf8 16. Qa3+ Kg8 17. Nxf6+ gxf6 18. Qe7 e4 19. g3 b5 20. Bh3 Qa5
21. Qxd7 Qxa2 22. Re1 Kg7 23. Rxe4 Qa1+ 24. Kd2 Qa5+ 25. b4 Qb6 26. Qg4+ Kh6
27. Qh4+ Kg7 28. Rg4+ Kf8 29. Qxf6 1-0

[Event "SR 2. liga A 2010/2011"]
[Site "?"]
[Date "2010.10.23"]
[Round "2.4"]
[White "Krajnak, Robert"]
[Black "Michal, Silvio"]
[Result "1/2-1/2"]
[WhiteElo "2083"]
[BlackElo "2094"]
[PlyCount "26"]
[EventDate "2010.??.??"]
[WhiteTeam "Slovakia"]
[BlackTeam "II"]
[WhiteTeamCountry "SVK"]
[BlackTeamCountry "SVK"]

1. c4 c5 2. Nf3 Nf6 3. g3 g6 4. Bg2 Bg7 5. O-O Nc6 6. Nc3 O-O 7. d3 d6 8. Rb1
Rb8 9. a3 a6 10. b4 cxb4 11. axb4 b5 12. cxb5 axb5 13. Ne1 Bd7 1/2-1/2

[Event "SR 2. liga A 2010/2011"]
[Site "?"]
[Date "2010.10.23"]
[Round "2.5"]
[White "Kimerling, Martin"]
[Black "Magyar, Frantisek"]
[Result "1-0"]
[WhiteElo "1920"]
[BlackElo "2079"]
[PlyCount "53"]
[EventDate "2010.??.??"]
[WhiteTeam "Slovakia"]
[BlackTeam "II"]
[WhiteTeamCountry "SVK"]
[BlackTeamCountry "SVK"]

1. d4 Nf6 2. c4 g6 3. Nf3 Bg7 4. g3 O-O 5. Bg2 d6 6. O-O Nbd7 7. Nc3 c6 8. e4
e5 9. dxe5 dxe5 10. h3 Re8 11. Be3 Bf8 12. Qc2 Qc7 13. Rfd1 a5 14. Na4 b6 15.
c5 b5 16. Nb6 Rb8 17. Nd2 Rb7 18. a4 Nxb6 19. cxb6 Rxb6 20. Bxb6 Qxb6 21. Rac1
Bb7 22. axb5 cxb5 23. Qc7 Qa6 24. Nb3 a4 25. Nc5 Bxc5 26. Rxc5 Bxe4 27. Rd6 1-0

[Event "SR 2. liga A 2010/2011"]
[Site "?"]
[Date "2010.10.23"]
[Round "2.6"]
[White "Farkas, Vladimir"]
[Black "Syrovy, Ivan"]
[Result "0-1"]
[WhiteElo "1946"]
[BlackElo "2071"]
[PlyCount "128"]
[EventDate "2010.??.??"]
[WhiteTeam "Slovakia"]
[BlackTeam "II"]
[WhiteTeamCountry "SVK"]
[BlackTeamCountry "SVK"]

1. e4 c5 2. Nf3 g6 3. Nc3 Bg7 4. d3 Nc6 5. g3 e6 6. Bg2 Nge7 7. O-O O-O 8. Be3
Nd4 9. Rb1 Qa5 10. Nd2 b5 11. a3 Nec6 12. f4 Rb8 13. Ne2 Ba6 14. c3 Nxe2+ 15.
Qxe2 d6 16. e5 Qc7 17. exd6 Qxd6 18. Ne4 Qc7 19. Nxc5 Bc8 20. Rfd1 a5 21. Qf3
Ne7 22. Qf2 Nf5 23. Bd2 Rd8 24. d4 b4 25. axb4 axb4 26. Be3 bxc3 27. bxc3 Rxb1
28. Rxb1 Qa5 29. Qe1 h5 30. Bf2 Bf6 31. Nd3 Qa2 32. Ra1 Qc2 33. Nb4 Qb3 34. Rb1
Qc4 35. Bf1 Qc7 36. Nd3 Bb7 37. Nc5 Ba8 38. Bg2 Bxg2 39. Kxg2 Qc6+ 40. Qe4 Qc7
41. Rb7 Qc8 42. Rb6 Be7 43. Na4 Qc4 44. Qc6 Qe2 45. Qf3 Qc2 46. Ra6 g5 47. h3
Rb8 48. Ra8 Rxa8 49. Qxa8+ Kg7 50. Nc5 Ne3+ 51. Kf3 Nd1 52. Be3 Nxc3 53. Qa6
Bxc5 54. dxc5 Qe4+ 55. Kf2 Nd1+ 56. Ke1 Nxe3 57. fxg5 Nd5+ 58. Kf2 Qe3+ 59. Kg2
Qxc5 60. Qe2 Ne3+ 61. Kf3 Nf5 62. Kg2 Qe3 63. Qb2+ e5 64. Qb7 Qxg3+ 0-1

[Event "SR 2. liga A 2010/2011"]
[Site "?"]
[Date "2010.10.23"]
[Round "2.7"]
[White "Srna, Jan"]
[Black "Goga, Frantisek"]
[Result "1-0"]
[WhiteElo "2047"]
[BlackElo "1912"]
[PlyCount "49"]
[EventDate "2010.??.??"]
[WhiteTeam "Slovakia"]
[BlackTeam "II"]
[WhiteTeamCountry "SVK"]
[BlackTeamCountry "SVK"]

1. d4 Nf6 2. Nf3 g6 3. b3 Bg7 4. Bb2 O-O 5. e3 d6 6. Be2 c6 7. O-O Qc7 8. c4
Nbd7 9. Nc3 e5 10. Nd2 Re8 11. Bf3 a6 12. Rc1 Rb8 13. a4 exd4 14. exd4 Qb6 15.
Nde4 Nxe4 16. Nxe4 Qc7 17. Ba3 c5 18. dxc5 dxc5 19. Qd6 Qxd6 20. Nxd6 Re6 21.
Rcd1 Ne5 22. Bxc5 Nxf3+ 23. gxf3 Bf8 24. Ne4 Re5 25. Rd8 1-0

[Event "SR 2. liga A 2010/2011"]
[Site "?"]
[Date "2010.10.23"]
[Round "2.8"]
[White "Jelenciak, Jozef"]
[Black "Zacik, Anton"]
[Result "0-1"]
[WhiteElo "1934"]
[BlackElo "1990"]
[PlyCount "76"]
[EventDate "2010.??.??"]
[WhiteTeam "Slovakia"]
[BlackTeam "II"]
[WhiteTeamCountry "SVK"]
[BlackTeamCountry "SVK"]

1. e4 c5 2. Nc3 Nc6 3. f4 g6 4. Nf3 Bg7 5. Bc4 e6 6. O-O d6 7. d3 Nge7 8. Qe1
Nd4 9. Nxd4 cxd4 10. Ne2 O-O 11. c3 d5 12. Bb3 dxc3 13. bxc3 dxe4 14. dxe4 Qa5
15. Be3 Nc6 16. Rd1 Rd8 17. Qh4 Bd7 18. f5 exf5 19. Bg5 Be6 20. Bxd8 Rxd8 21.
Rxd8+ Nxd8 22. exf5 Bxf5 23. Nd4 Bxd4+ 24. cxd4 Nc6 25. d5 Qc5+ 26. Kh1 Nd4 27.
Qd8+ Kg7 28. d6 Nxb3 29. axb3 Qb5 30. Rc1 Be4 31. Qc7 Qe2 32. Qc3+ Kg8 33. Qg3
Bc6 34. h3 h5 35. h4 Qd2 36. Rc3 Bxg2+ 37. Kg1 Bc6 38. Qd3 Qg2# 0-1

[Event "SR 2. liga A 2010/2011"]
[Site "?"]
[Date "2010.10.23"]
[Round "3.1"]
[White "Machalova, Veronika"]
[Black "Pagerka, Martin"]
[Result "1-0"]
[WhiteElo "2229"]
[BlackElo "2263"]
[PlyCount "93"]
[EventDate "2010.??.??"]
[WhiteTeam "Slovakia"]
[BlackTeam "II"]
[WhiteTeamCountry "SVK"]
[BlackTeamCountry "SVK"]

1. e4 c5 2. Nf3 Nc6 3. d3 g6 4. g3 Bg7 5. Bg2 d6 6. O-O Bg4 7. h3 Bxf3 8. Bxf3
e6 9. c3 Nge7 10. Bg2 O-O 11. Be3 Rc8 12. a4 Na5 13. Nd2 d5 14. Nb3 d4 15. cxd4
cxd4 16. Bg5 Re8 17. Bd2 Nac6 18. a5 Qd6 19. f4 e5 20. f5 f6 21. Ra4 Nb8 22.
Bb4 Qc6 23. Nd2 Qc2 24. Nc4 Qxd1 25. Rxd1 Rc7 26. Nd6 Rd8 27. Nb5 Rcd7 28. Nxa7
Nec6 29. Nxc6 Nxc6 30. Bd2 Bf8 31. Rc4 Ra8 32. b4 Na7 33. h4 Nb5 34. Rdc1 g5
35. hxg5 fxg5 36. Bh3 g4 37. Bxg4 Rg7 38. Bf3 Rxg3+ 39. Kf2 Rg7 40. Bh5 Rd7 41.
Rc8 Rxc8 42. Rxc8 Rd6 43. Bg5 Kg7 44. Rb8 Nc3 45. Rxb7+ Kg8 46. Bf7+ Kh8 47.
Be6 1-0

[Event "SR 2. liga A 2010/2011"]
[Site "?"]
[Date "2010.10.23"]
[Round "3.2"]
[White "Cajka, Tibor"]
[Black "Federic, Jozef"]
[Result "1/2-1/2"]
[WhiteElo "2111"]
[BlackElo "2283"]
[PlyCount "29"]
[EventDate "2010.??.??"]
[WhiteTeam "Slovakia"]
[BlackTeam "II"]
[WhiteTeamCountry "SVK"]
[BlackTeamCountry "SVK"]

1. Nf3 d5 2. d4 Nf6 3. Bg5 Ne4 4. Bf4 Nd7 5. Nbd2 Ndf6 6. e3 Bg4 7. Be2 e6 8.
Nxe4 Nxe4 9. Nd2 Bxe2 10. Qxe2 Nxd2 11. Qxd2 Be7 12. O-O O-O 13. Rac1 Bf6 14.
Rfd1 c6 15. c4 1/2-1/2

[Event "SR 2. liga A 2010/2011"]
[Site "?"]
[Date "2010.10.23"]
[Round "3.3"]
[White "Federic, Pavol"]
[Black "Bury, Rastislav"]
[Result "1/2-1/2"]
[WhiteElo "2213"]
[BlackElo "2187"]
[PlyCount "70"]
[EventDate "2010.??.??"]
[WhiteTeam "Slovakia"]
[BlackTeam "II"]
[WhiteTeamCountry "SVK"]
[BlackTeamCountry "SVK"]

1. e4 c5 2. Nf3 d6 3. d4 cxd4 4. Nxd4 Nf6 5. Nc3 a6 6. Be2 e5 7. Nb3 Be7 8. O-O
O-O 9. a4 Be6 10. Be3 Nbd7 11. a5 Rc8 12. f3 Qc7 13. Qd2 Rfd8 14. Rfd1 Nc5 15.
Nd5 Bxd5 16. exd5 Nxb3 17. cxb3 Qc2 18. Bb6 Re8 19. Bc4 Qxd2 20. Rxd2 Nd7 21.
Be3 h6 22. Be2 Rc7 23. b4 Rec8 24. b5 axb5 25. Bxb5 Bg5 26. Bxg5 hxg5 27. a6
bxa6 28. Rxa6 Rb8 29. Bc6 Nc5 30. Ra8 Rxa8 31. Bxa8 Nb3 32. Re2 Rc1+ 33. Kf2
Nd4 34. Rd2 Nb3 35. Re2 Nd4 1/2-1/2

[Event "SR 2. liga A 2010/2011"]
[Site "?"]
[Date "2010.10.23"]
[Round "3.4"]
[White "Polasek, Filip"]
[Black "Skara, Vladimir"]
[Result "0-1"]
[WhiteElo "2113"]
[BlackElo "2161"]
[PlyCount "50"]
[EventDate "2010.??.??"]
[WhiteTeam "Slovakia"]
[BlackTeam "II"]
[WhiteTeamCountry "SVK"]
[BlackTeamCountry "SVK"]

1. e4 e6 2. d4 d5 3. exd5 exd5 4. Nf3 Bd6 5. Be2 Ne7 6. Nc3 c6 7. Be3 Bf5 8.
Qd2 Qc7 9. O-O Nd7 10. g3 b5 11. Bd3 O-O 12. Nh4 Bxd3 13. Qxd3 Nb6 14. b3 Qd7
15. a4 b4 16. Ne2 a5 17. f4 f5 18. Nf3 Nbc8 19. Ne5 Qb7 20. Rac1 Bb8 21. h3 Nd6
22. g4 Ne4 23. g5 Nc8 24. c4 bxc3 25. Nxc3 Bxe5 0-1